Local governance: (Record no. 141964)

MARC details
000 -LEADER
fixed length control field 00640nam a22002057a 4500
005 - DATE AND TIME OF LATEST TRANSACTION
control field 20170623144444.0
010 ## - LCCN (DPL NO)
LC control number ENG-118915
020 ## - INTERNATIONAL STANDARD BOOK NUMBER
International Standard Book Number 9788123017624
Terms of availability 175.00
035 ## - SYSTEM CONTROL NUMBER
System control number EN-102447
037 ## - SOURCE OF ACQUISITION
Source of stock number/acquisition DBAD/PUB
082 ## - DEWEY DECIMAL CLASSIFICATION NUMBER
Classification number 320.8
245 ## - TITLE STATEMENT
Title Local governance:
Remainder of title Ag global perspective /
Statement of responsibility, etc edited by B.S. Baviskar [and] Ash Narain Roy
260 ## - PUBLICATION, DISTRIBUTION, ETC. (IMPRINT)
Place of publication, distribution, etc New Delhi
Name of publisher, distributor, etc Publication Division
Date of publication, distribution, etc 2012
270 ## - ADDRESS
Address Soochna Bhawan, CGO Complex, Lodhi Road New Delhi-110003
300 ## - PHYSICAL DESCRIPTION
Extent 193p
Dimensions 23cm.(pbk)
500 ## - GENERAL NOTE
General note Includes Index
700 ## - ADDED ENTRY--PERSONAL NAME
Personal name Baviskar, B.S.
700 ## - ADDED ENTRY--PERSONAL NAME
Personal name Roy, Ash Narain
942 ## - ADDED ENTRY ELEMENTS (KOHA)
Source of classification or shelving scheme Dewey Decimal Classification
Item type English Books
Classification part 320.8
Call number suffix LOC
Holdings
Withdrawn status Lost status Not for loan Collection code Home library Current library Date acquired Source of acquisition Cost, normal purchase price Full call number Barcode Copy number Cost, replacement price Koha item type
    Not For Loan Non-fiction D.B.Act.Division D.B.Act.Division 23/06/2017 DBAD/PUB 175.00 320.8 LOC EN-102447 1 175.00 English Books

© Delhi Public Library
Hit Counter
free hit counter